[Event "Reykjavik op"]
[Site "Reykjavik"]
[Date "2017.04.23"]
[Round "6"]
[White "Finnsson, Johann Arnar"]
[Black "Arnason, Saemundur"]
[Result "1-0"]
[WhiteElo "1655"]
[BlackElo "1232"]
[PlyCount "59"]
[EventDate "2017.04.19"]
[EventType "swiss"]
[EventRounds "10"]
[EventCountry "ISL"]
[SourceTitle "CBM 178 Extra"]
[Source "ChessBase"]
[SourceDate "2017.06.22"]
[SourceVersion "1"]
[SourceVersionDate "2017.06.22"]
[SourceQuality "1"]

1. c4 e5 2. g3 Nf6 3. Nc3 Nc6 4. Bg2 Bb4 5. e4 d6 6. Nge2 0-0 7. 0-0 Bd7 8. d3 h6 9. a3 Bc5 10. b4 Bb6 11. h3 Qc8 12. Kh2 a6 13. f4 a5 14. b5 Nd4 15. Rb1 a4 16. f5 Qd8 17. Nxd4 Bxd4 18. Qe1 c6 19. bxc6 bxc6 20. g4 Nh7 21. Be3 Bxe3 22. Qxe3 Qg5 23. Qf2 c5 24. Rb6 Qd8 25. Nd5 Bc8 26. Rfb1 Qd7 27. f6 g6 28. Qh4 Ng5 29. Qxh6 Ne6 30. Ne7+ 1-0

[Event "Reykjavik op"]
[Site "Reykjavik"]
[Date "2017.04.22"]
[Round "5"]
[White "Skaale, Janus"]
[Black "Arnason, Saemundur"]
[Result "1-0"]
[WhiteElo "1765"]
[BlackElo "1232"]
[PlyCount "143"]
[EventDate "2017.04.19"]
[EventType "swiss"]
[EventRounds "10"]
[EventCountry "ISL"]
[SourceTitle "CBM 178 Extra"]
[Source "ChessBase"]
[SourceDate "2017.06.22"]
[SourceVersion "1"]
[SourceVersionDate "2017.06.22"]
[SourceQuality "1"]

1. e4 e5 2. Nf3 Nc6 3. Bc4 Bc5 4. c3 d6 5. d4 exd4 6. cxd4 Bb4+ 7. Bd2 Bxd2+ 8. Nbxd2 Bg4 9. Bb5 a6 10. Bxc6+ bxc6 11. Qc2 Ne7 12. 0-0 0-0 13. Rac1 Ra7 14. Rfe1 h6 15. Qc3 Re8 16. Nb3 Qb8 17. Na5 Bd7 18. b3 Qb6 19. Nc4 Qb7 20. Na5 Qb6 21. b4 Rb8 22. a3 Qb5 23. Nh4 g6 24. Qe3 Qg5 25. Qxg5 hxg5 26. Nf3 g4 27. Nd2 Kf8 28. Ndc4 Nc8 29. Nb2 Ne7 30. Nd3 Rb5 31. Re3 Rg5 32. Re2 Ra8 33. Kf1 Rc8 34. Kg1 Rb5 35. Rce1 Re8 36. Rc1 Rc8 37. Nf4 Rb6 38. Nc4 Rb5 39. Nd3 d5 40. Nce5 Be6 41. Nc5 dxe4 42. Nxe6+ fxe6 43. Rxe4 Kg7 44. Nxc6 Nxc6 45. Rxc6 Kf7 46. Rcxe6 a5 47. R6e5 Rxe5 48. dxe5 axb4 49. axb4 Re8 50. Kf1 Ra8 51. Rxg4 Ra1+ 52. Ke2 Ra2+ 53. Ke3 Ra3+ 54. Kd4 Rb3 55. Kc5 Ra3 56. Kb5 Rb3 57. Rc4 Rb2 58. Rxc7+ Ke6 59. Rc6+ Kxe5 60. Rxg6 Rxf2 61. Kb6 Kf5 62. Rg3 Ke6 63. b5 Kd6 64. h4 Rf8 65. Rd3+ Ke6 66. Ka6 Ra8+ 67. Kb7 Ra2 68. g3 Rg2 69. b6 Ke7 70. Kb8 Ke8 71. b7 Ke7 72. Ra3 1-0

[Event "Reykjavik op"]
[Site "Reykjavik"]
[Date "2017.04.20"]
[Round "2"]
[White "Arnason, Saemundur"]
[Black "Jonsson, Pall G"]
[Result "0-1"]
[WhiteElo "1232"]
[BlackElo "1833"]
[PlyCount "66"]
[EventDate "2017.04.19"]
[EventType "swiss"]
[EventRounds "10"]
[EventCountry "ISL"]
[SourceTitle "CBM 178 Extra"]
[Source "ChessBase"]
[SourceDate "2017.06.22"]
[SourceVersion "1"]
[SourceVersionDate "2017.06.22"]
[SourceQuality "1"]

1. d4 b5 2. Nf3 Bb7 3. e3 b4 4. a3 a5 5. Bd2 e6 6. axb4 axb4 7. Rxa8 Bxa8 8. c4 c5 9. Bc1 Nf6 10. Nbd2 Be7 11. Be2 0-0 12. h3 d5 13. b3 Nc6 14. 0-0 Qc7 15. Bb2 Nd7 16. Qc2 Bb7 17. Ra1 dxc4 18. bxc4 cxd4 19. Nxd4 Nce5 20. N2f3 Rc8 21. Rc1 Qb6 22. Qb3 Nc5 23. Qd1 Ng6 24. Nd2 e5 25. N4f3 f6 26. Nb3 Rd8 27. Qc2 Be4 28. Bd3 Bxd3 29. Qd1 Bxc4 30. Qxd8+ Qxd8 31. Nxc5 Bxc5 32. Rxc4 Be7 33. Kf1 Qd1+ 0-1